000 01984cam a22004814i 4500
003 PE-LiUPU
005 20250731173421.0
008 150706s2010 xxu r 000 0 spa d
020 _a9780789915290
035 _a(Sirsi) i9780789915290
040 _aPE-LiUPU
_bspa
_cPE-LiUPU
_erda
049 _aPRUA
082 0 4 _a225.92
_bB83
_221
100 1 _aBriscoe, Stuart,
_eautor.
245 1 0 _aSé valiente y síguelo :
_blo que Jesús puede hacer cuando mantienes tu mirada en El /
_cStuart Briscoe.
264 1 _aMiami :
_bUnilit,
_c2010.
300 _a201 páginas ;
_c21 centímetros
336 _atext
_2rdacontent
337 _aunmediated
_2rdamedia
338 _avolume
_2rdacarrier
505 0 _aSin estudios ni preparación -- Todo es cosa del potencial -- Pescadores de hombres -- El aula en la ladera de la montaña -- Escasos recursos, provisión divina -- sinceramente equivocado -- Es difícil ser humilde -- El camino hacia Jerusalén -- Éxtasis y perplejidad -- Un día increíble -- Pastor herido, ovejas dispersas.
526 _aSEG42
526 _aSEG41
526 _aSEG40
526 _aSEG39
526 _aP94
526 _aP87
526 _aP86
526 _aP85
526 _aP77
526 _aP76
526 _aP35
541 _g001-0000589;
600 1 _aPedro, el apóstolSanto
630 _aBiblia.
_pN.T.
_pEvangelios
_xCrítica, interpretación, etc.
650 0 4 _aLiderazgo cristiano
_xEnseñanza Bíblica.
910 _agl
_bjv
_clch
_d20120624
942 _2ddc
_cBOOK
949 _a225.92 B83
_wDEWEY
_c1
_i64942
_lCCODEBUL1
_mBUL
_p13.00
_r0
_sY
_tBOOK
_u2015-7-6
_xTEOLOGIA
_PP35
_o.STAFF. Colección Teología
994 _aC0
_bPEPRU
596 _a1
999 _a225.92 B83
_wDEWEY
_c53650
_i64942
_d53650
_e2016-4-21
_f2021-11-9
_g5
_lCCODEBUL1
_mBUL
_n1
_p13.00
_q2
_r0
_sY
_tBOOK
_u2015-7-6
_xTEOLOGIA
_PP35
_0COMPRA
_o.STAFF. Colección Teología
980 _81
_gALBERTO SANCHEZ Responsable de Automatización